|
|
|
|
| LEADER |
01062nam a22002897a 4500 |
| 001 |
38993 |
| 003 |
BD-DhAAL |
| 008 |
220622t2012 nyua|||| |||| 00| 0 eng d |
| 999 |
|
|
|c 44446
|d 44446
|
| 020 |
|
|
|a 9780817683030
|
| 020 |
|
|
|a 9780817683047 (eBook)
|
| 040 |
|
|
|a BD-DhAAL
|c BD-DhAAL
|
| 082 |
|
|
|a 510
|2 23
|
| 100 |
|
|
|a Bachman, David
|9 49597
|
| 245 |
|
|
|a A geometric approach to differential forms /
|c David Bachman.
|
| 250 |
|
|
|a Second edition.
|
| 260 |
|
|
|a New York :
|b Birkhäuser,
|c c2012.
|
| 300 |
|
|
|a xvi, 156 pages :
|c illustrations ;
|b 23 cm.
|
| 526 |
|
|
|a MNS
|
| 541 |
|
|
|a Book Finder International
|e 38993
|
| 650 |
|
|
|a Mathematics.
|9 49598
|
| 650 |
|
|
|a Global analysis.
|9 49599
|
| 650 |
|
|
|a Global differential geometry.
|9 49600
|
| 650 |
|
|
|a Differential Geometry.
|9 49601
|
| 852 |
|
|
|a Ayesha Abed Library
|c General Stacks
|
| 942 |
|
|
|2 ddc
|c BK
|
| 952 |
|
|
|0 0
|1 0
|2 ddc
|4 0
|6 510_000000000000000_BAC
|7 0
|9 71069
|a BRACUL
|b BRACUL
|c GEN
|d 2022-06-19
|e Book Finder International
|g 3508.55
|l 1
|m 29
|o 510 BAC
|p 3010038993
|r 2025-08-25
|s 2024-11-02
|t 1
|v 3508.55
|w 2022-06-19
|y BK
|